Organización y gestión de los centros educativos en Iberoamérica
Guardado en:
| Autores principales: | , , |
|---|---|
| Formato: | Libro |
| Lenguaje: | español |
| Publicado: |
Madrid
Organización de Estados Iberoamericanos para la educación, la ciencia y la cultura
2000
|
| Colección: | Cuadernos Educación Comparada, 7
|
| Materias: | |
| Etiquetas: |
Agregar Etiqueta
Sin Etiquetas, Sea el primero en etiquetar este registro!
|
MARC
| LEADER | 00000nam a2200000 a 4500 | ||
|---|---|---|---|
| 001 | UCI1679 | ||
| 003 | CL-VaPUC | ||
| 008 | 070713e20000000SP |||||||||||||||||spa|d | ||
| 020 | |a 8476661096 | ||
| 082 | 0 | 4 | |a 371.2 |b EGI |2 21 |
| 100 | 0 | |a Egido Gálvez, Inmaculada |e author |9 522326 | |
| 700 | 0 | |a Alvarez Gallego, Alejandro |e author |9 522327 | |
| 700 | 0 | |a Figueiredo, Irene |e author |9 522328 | |
| 245 | 1 | 0 | |a Organización y gestión de los centros educativos en Iberoamérica |
| 300 | |a 91 p | ||
| 942 | |c BK | ||
| 945 | |d 20070713 00:00:00 |a rbrito | ||
| 260 | |a Madrid |b Organización de Estados Iberoamericanos para la educación, la ciencia y la cultura |c 2000 | ||
| 650 | 0 | |a Administración de la enseñanza |9 261034 | |
| 650 | 0 | |a Gestión educacional |9 261035 | |
| 650 | 0 | |a Planificación de la educación |9 307333 | |
| 650 | 0 | |a Educación básica |9 224933 | |
| 583 | |a last modification |c 20170504 12:21:37 |k Rodrigo Vera | ||
| 490 | 0 | |a Cuadernos Educación Comparada, 7 | |
| 999 | |c 326442 |d 326440 | ||
| 952 | |0 0 |1 0 |4 0 |6 371_200000000000000_EGI_2000 |7 0 |8 A |9 408324 |a BIBEDU |b BIBEDU |d 2019-11-22 |i 4355040 |o 371.2 EGI 2000 |p 4355040 |r 2019-11-22 |w 2019-11-22 |y BK |k EBA | ||